Central Library OPAC University of Rajshahi

Table of powers : (Record no. 51436)

MARC details
000 -LEADER
fixed length control field 01408nam a2200325 a 4500
001 - CONTROL NUMBER
control field 51436
003 - CONTROL NUMBER IDENTIFIER
rucl marc code BD-RjUL
005 - DATE AND TIME OF LATEST TRANSACTION
control field 20211209075648.0
008 - FIXED-LENGTH DATA ELEMENTS--GENERAL INFORMATION
fixed length control field 160831s19501940enk 000 0 eng d
035 ## - SYSTEM CONTROL NUMBER
System control number (BD-RjUL)51556
040 ## - CATALOGING SOURCE
Original cataloging agency IQU
Transcribing agency IQU
Modifying agency m.c.
-- BD-RjUL
-- RCD
-- RCD
Language of cataloging eng
041 ## - LANGUAGE CODE
Language code of text/sound track or separate title eng
082 ## - DEWEY DECIMAL CLASSIFICATION NUMBER
Classification number 513.213
Author mark and year TAB 1950
090 ## - LOCALLY ASSIGNED LC-TYPE CALL NUMBER (OCLC); LOCAL CALL NUMBER (OCLC)
Classification number (OCLC) (R) ; Classification number, CALL (RLIN) (NR) QA47
Local cutter number (OCLC) ; Book number/undivided call number, CALL (RLIN) .B862 v.9
099 ## - LOCAL FREE-TEXT CALL NUMBER (OCLC)
Bangla Class number QA47.B862 v.9
245 00 - TITLE STATEMENT
Title Table of powers :
Remainder of title giving integral powers of integers /
Statement of responsibility, etc. initiated by J. W. L. Glaisher ; extended by W. G. Bickley ... [et al.] on behalf of the Committee for the Calculation of Mathematical Tables.
260 ## - PUBLICATION, DISTRIBUTION, ETC. (IMPRINT)
Place of publication, distribution, etc. Cambridge :
Name of publisher, distributor, etc. Published for the Royal Society at the University Press,
Date of publication, distribution, etc. 1940 [Reprint 1950]
300 ## - PHYSICAL DESCRIPTION
Pagination xii, 131 p. ;
Size 29 cm.
490 1# - SERIES STATEMENT
Series statement Mathematical tables ; v. 9
500 ## - GENERAL NOTE
General note Chiefly tables.
General note At head of title: British Association for the Advancement of Science.
504 ## - BIBLIOGRAPHY, ETC. NOTE
Bibliography, etc Bibliography: p. [xi]-xii.
650 #0 - SUBJECT ADDED ENTRY--TOPICAL TERM
Topical term or geographic name as entry element Multiplication
Form subdivision Tables.
9 (RLIN) 153797
700 1# - ADDED ENTRY--PERSONAL NAME
Personal name Glaisher, J. W. L.
Fuller form of name (James Whitbread Lee),
Dates associated with a name 1848-1928.
Personal name Bickley, W. G.
Fuller form of name (William Gee)
710 2# - ADDED ENTRY--CORPORATE NAME
Corporate name or jurisdiction name as entry element British Association for the Advancement of Science.
Subordinate unit Committee for the Calculation of Mathematical Tables.
9 (RLIN) 153799
830 #0 - SERIES ADDED ENTRY--UNIFORM TITLE
Uniform title Mathematical tables (British Association for the Advancement of Science) ;
Volume number/sequential designation v. 9.
942 ## - ADDED ENTRY ELEMENTS (KOHA)
Source of classification or shelving scheme Dewey Decimal Classification
Koha item type Books
949 ## - LOCAL PROCESSING INFORMATION (OCLC)
a MYGS
Holdings
Lost status Source of classification or shelving scheme Damaged status Not for loan Collection code Permanent Location Current Location Shelving location Date acquired Source of acquisition Cost, normal purchase price Total Checkouts Full call number Date last seen Copy number Koha item type
  Dewey Decimal Classification     Non-fiction Central Library, University of Rajshahi Central Library, University of Rajshahi   22/10/1969 Zeithinger 35.00   513.213 TAB 1950 31/08/2016 C-2 Books